000 01430nam a22003857a 4500
003 OSt
005 20230413155429.0
008 221006b |||||||| |||| 00| 0 eng d
020 _a1292 3745
040 _cBiblioteca Lado V
082 _a700
_bA849a
110 _9800
_aAssociation Atheme
_edirector
245 _aArtheme/
_bArt contemporain caraibe/
260 _bConseil general de la Guadeloupe
_c2001
_aFrancia
300 _c21x30cm
_a58p.
366 _espa
490 _v2001
_a08
_x1292 3745
505 _tCarnet de voyage
505 _tBest-Seller
_aMichele-Baj Strobel
505 _tDossier desing
505 _tLa plus belle expo
_aMonchoachi M. Titine & M. Mirabel Ernest Breleur Alonzo Cecile Celma
505 _tInterview
_aArtheme
505 _tL'Ecriture du regard
_aFabrice Etifier
505 _tAbonnement
650 _2Tesauro de Arte & Arquitectura
_aARTE
_9703
650 _2Tesauro de Arte & Arquitectura
_aEXPOSICIONES
650 _2Tesauro de Arte & Arquitectura
_aBIENAL
650 _2Tesauro de Arte & Arquitectura
_aAPRECIACION
650 _2Tesauro de Arte & Arquitectura
_aTEORIA
650 _2Tesauro de Arte & Arquitectura
_aCRITICA
650 _2Tesauro de Arte & Arquitectura
_aFOTOGRAFIA
_9702
650 _2Tesauro de Arte & Arquitectura
_aLITERATURA
650 _2Tesauro de Arte & Arquitectura
_aCUBANO
942 _2ddc
_c1
_h700
_iA849a
_n0
999 _c3379
_d3379